Подробности
| 000 -МАРКЕР |
| контрольное поле |
02334nam0a2200433 4500 |
| 001 - ИДЕНТИФИКАТОР ЗАПИСИ |
| контрольное поле |
RU\NLR\BIBL_A\010986764 |
| 005 - ИДЕНТИФИКАТОР ВЕРСИИ |
| контрольное поле |
20250624205331.0 |
| 010 ## - МЕЖДУНАРОДНЫЙ СТАНДАРТНЫЙ НОМЕР КНИГИ (ISBN) |
| Номер (ISBN) |
978-5-502-00634-7 |
| 021 ## - НОМЕР ГОСУДАРСТВЕННОЙ РЕГИСТРАЦИИ |
| Код страны |
|
| 035 ## - ДРУГИЕ СИСТЕМНЫЕ НОМЕРА |
| Идентификатор записи |
(NLR Aleph) 010986764 |
| 100 ## - ДАННЫЕ ОБЩЕЙ ОБРАБОТКИ |
| Данные общей обработки |
20150911d2015 |||y0rusy50 ca |
| 101 0# - ЯЗЫК РЕСУРСА |
| Язык текста, звукозаписи и т.д. |
русский |
| 102 ## - СТРАНА ПУБЛИКАЦИИ ИЛИ ПРОИЗВОДСТВА |
| Страна публикации |
Российская Федерация |
| 106 ## - ПОЛЕ КОДИРОВАННЫХ ДАННЫХ: ТЕКСТОВЫЕ РЕСУРСЫ – ФОРМА |
| Форма ресурса: кодированные данные: обозначение носителя |
s |
| 135 ## - ПОЛЕ КОДИРОВАННЫХ ДАННЫХ: ЭЛЕКТРОННЫЕ РЕСУРСЫ |
| Кодированные данные для электронного ресурса |
aougu|||||||| |
| 200 1# - ЗАГЛАВИЕ И СВЕДЕНИЯ ОБ ОТВЕТСТВЕННОСТИ |
| Основное заглавие |
Методология научного творчества |
| Общее обозначение материала |
Электронный ресурс |
| Сведения, относящиеся к заглавию |
учебное пособие для магистров всех специальностей |
| Первые сведения об ответственности |
В. О. Волкова, В. М. Маслов, И. Е. Волков |
| Последующие сведения об ответственности |
М-во образования и науки Рос. Федерации, Нижегор. гос. техн. ун-т им. Р. Е. Алексеева |
| 210 ## - ПУБЛИКАЦИЯ, РАСПРОСТРАНЕНИЕ И ДР. |
| Место издания, распространения и т.д. |
Нижний Новгород |
| Имя издателя, распространителя и т. д. |
НГТУ |
| Дата издания, распространения и т.д. |
2015 |
| 215 ## - ФИЗИЧЕСКАЯ ХАРАКТЕРИСТИКА |
| Специфическое обозначение материала и объем |
1 электрон. опт. диск (CD-ROM) |
| Размеры |
12 |
| 230 ## - ОБЛАСТЬ СПЕЦИФИЧЕСКИХ СВЕДЕНИЙ: ЭЛЕКТРОННЫЕ РЕСУРСЫ |
| Обозначение и объем ресурса |
Текстовое (символ.) электрон. изд. (4,09 Мб) |
| 300 ## - ОБЩИЕ ПРИМЕЧАНИЯ |
| Текст примечания |
Загл. с титул. экрана |
| 337 ## - ПРИМЕЧАНИЕ О СИСТЕМНЫХ ТРЕБОВАНИЯХ (ЭЛЕКТРОННЫЕ РЕСУРСЫ) |
| Текст примечания |
Систем. требования: ПК 486 ; Windows 95 |
| 606 1# - НАИМЕНОВАНИЕ ТЕМЫ КАК ПРЕДМЕТ |
| Наименование темы |
Научные исследования |
| Формальный подзаголовок |
Учебные издания для высших учебных заведений |
| Тематический подзаголовок |
Методология и логика |
| Системный номер авторитетной/нормативной записи |
2138874 |
| Идентификатор авторитетной/нормативной записи |
RU\NLR\auth\661289411 |
| 606 1# - НАИМЕНОВАНИЕ ТЕМЫ КАК ПРЕДМЕТ |
| Наименование темы |
Наука |
| Формальный подзаголовок |
Учебные издания для высших учебных заведений |
| Тематический подзаголовок |
Методология |
| Системный номер авторитетной/нормативной записи |
1677197 |
| Идентификатор авторитетной/нормативной записи |
RU\NLR\auth\66744350 |
| 610 0# - НЕКОНТРОЛИРУЕМЫЕ ПРЕДМЕТНЫЕ ТЕРМИНЫ |
| Предметный термин |
научное творчество |
| 675 ## - УНИВЕРСАЛЬНАЯ ДЕСЯТИЧНАЯ КЛАССИФИКАЦИЯ (UDC/УДК) |
| Индекс |
001.8(075.8) |
| Издание |
3 |
| 686 ## - ИНДЕКСЫ ДРУГИХ КЛАССИФИКАЦИЙ |
| Индекс |
12.51 |
| Код системы |
|
| 686 0# - ИНДЕКСЫ ДРУГИХ КЛАССИФИКАЦИЙ |
| Индекс |
Ю25я73 |
| 686 0# - ИНДЕКСЫ ДРУГИХ КЛАССИФИКАЦИЙ |
| Индекс |
Ч21в |
| 700 #1 - ИМЯ ЛИЦА - ПЕРВИЧНАЯ ОТВЕТСТВЕННОСТЬ |
| Начальный элемент ввода |
Волкова |
| Часть имени, кроме начального элемента ввода |
В. О. |
| Дополнения к именам, кроме дат |
д-р филос. наук |
| Расширение инициалов личного имени |
Вера Олеговна |
| Системный номер авторитетной/нормативной записи |
157714 |
| Идентификатор авторитетной/нормативной записи |
RU\NLR\AUTH\770157754 |
| 701 #1 - ИМЯ ЛИЦА - АЛЬТЕРНАТИВНАЯ ОТВЕТСТВЕННОСТЬ |
| Начальный элемент ввода |
Маслов |
| Часть имени, кроме начального элемента ввода |
В. М. |
| Дополнения к именам, кроме дат |
д-р филос. наук |
| Расширение инициалов личного имени |
Вадим Михайлович |
| Системный номер авторитетной/нормативной записи |
143014 |
| Идентификатор авторитетной/нормативной записи |
RU\NLR\AUTH\770143050 |
| 701 #1 - ИМЯ ЛИЦА - АЛЬТЕРНАТИВНАЯ ОТВЕТСТВЕННОСТЬ |
| Начальный элемент ввода |
Волков |
| Часть имени, кроме начального элемента ввода |
И. Е. |
| Дополнения к именам, кроме дат |
канд. филос. наук |
| Расширение инициалов личного имени |
Илья Евгеньевич |
| Системный номер авторитетной/нормативной записи |
157711 |
| Идентификатор авторитетной/нормативной записи |
RU\NLR\AUTH\770157751 |
| 801 #0 - ИСТОЧНИК ЗАПИСИ |
| Страна |
Российская Федерация |
| Организация |
НТЦ Информрегистр |
| Дата составления |
20150911 |
| 801 #1 - ИСТОЧНИК ЗАПИСИ |
| Страна |
Российская Федерация |
| Организация |
НТЦ Информрегистр |
| Дата составления |
20150911 |
| 942 ## - ДОПОЛНИТЕЛЬНЫЕ ЭЛЕМЕНТЫ ЗАПИСИ (АБИС) |
| Тип экземпляра АБИС |
Книга |
| 980 ## - КОЛЛЕКЦИЯ |
| Название коллекции |
Национальная библиография |